| 000 | 00751nam a22001937a 4500 | ||
|---|---|---|---|
| 999 |
_c16813 _d16813 |
||
| 003 | AR-CdUCM | ||
| 008 | 190506b ||||| |||| 00| 0 sap d | ||
| 040 |
_aMUNICIPALIDAD PROVINCIAL DEL CUSCO _cBIBLIOTECA MUNICIPAL DEL CUSCO |
||
| 082 |
_a920 / _bC79 |
||
| 100 |
_aCornú, Auguste. _936491 |
||
| 245 | _aCarlos Marx, Federico Engels / | ||
| 260 |
_aMéxico : _bPlatina Stilcogra., _c1965. |
||
| 300 |
_a703 páginas ; _c22 cm. |
||
| 440 |
_aColección hechos, ideas y ciencias. _936492 |
||
| 505 | _aContenido :Los años de infancia y de juventud --La izquierda Hegeliana -- Del liberalismo democrático al comunismo -- Marx en París -- La sagrada familia ... | ||
| 650 |
_aCarlos Marx. _95700 |
||
| 942 |
_2ddc _cLIBROS |
||
| 945 |
_arum _d2019-05-06 |
||